Catálogo público

La Polilla de la Cera (Record no. 186647)

MARC details
000 -CABECERA
campo de control de longitud fija 00557nam a2200181Ia 4500
001 - NÚMERO DE CONTROL
campo de control IA_6947
008 - DATOS DE LONGITUD FIJA--INFORMACIÓN GENERAL
campo de control de longitud fija 220117s1968 xx 000 0 und d
010 ## - NÚMERO DE CONTROL DE LA BIBLIOTECA DEL CONGRESO
Número de control de LC 186647
090 ## - LOCALMENTE ASIGNADO TIPO-LC NÚMERO DE CLASIFICACIÓN (OCLC); NÚMERO DE CLASIFICACIÓN LOCAL (RLIN)
Número de clasificación (OCLC) (R) ; Numero de clasificación, CALL (RLIN) (NR) F 302 1968
110 ## - ENTRADA PRINCIPAL--NOMBRE DE ENTIDAD CORPORATIVA
Nombre de entidad corporativa o nombre de jurisdicción como elemento de entrada SAG Dirección General de Avicultura y otras Especies Menores
9 (RLIN) 162653
245 ## - MENCIÓN DE TÍTULO
Título La Polilla de la Cera
260 ## - PUBLICACIÓN, DISTRIBUCIÓN, ETC.
Lugar de publicación, distribución, etc. México :
Nombre del editor, distribuidor, etc. SAG Dirección General de Avicultura y otras Especies Menore.,
Fecha de publicación, distribución, etc. 1968
901 ## - ELEMENTOS DE DATOS A LOCAL LDA (RLIN)
a F 302 1968
902 ## - ELEMENTOS DE DATOS B LOCAL, LDB (RLIN)
a M
904 ## - ELEMENTOS DE DATOS D LOCAL, LDD (RLIN)
a 1968
942 ## - ELEMENTOS DE PUNTO DE ACCESO ADICIONAL (KOHA)
Tipo de ítem Koha 12

No items available.